00323nam a22000977a 4500008004100000022001400041040005500055245004600110260005300156310001600209230421b |||||||| |||| 00| 0 eng d a0971-0701 aNational Science LibrarycNational Science Library aJournal of veterinary and animal sciences aKerala: bKerala Agricultural University, c1969 aHalf-yearly